LDR 00687naa#a2200181#i#450# 001 EN\\bibl\126440 005 20260630063920.2 011 ## _a2223-9987 100 ## _a20260629b2026####ek#y0engy0150####ca 102 ## _aRU 200 1# _aElectrothermal Model of an AC Catenary and Mechanisms of Ice Melting under an Autotransformer Traction Power Supply System _eJournal article 210 1# _aSaint-Petersburg _cFSBEI HE "Emperor Alexander I St. Petersburg State Transport University" _d2026 215 ## _a12 с. 608 ## _aJournal article _2local 675 ## _aРаспределение энергии. Сети. 621.332 _z 700 #1 _aLI _gIyuan' 700 #1 _aVikulov _gIl'ya Pavlovich 856 4# _aatjournal.ru _u